Welcome to the Holygrace Academy Library

Please use search bar below to get started

CONCEPTS IN SCIENCE (Record no. 2122)

MARC details
000 -LEADER
fixed length control field 00295nam a22001217a 4500
082 ## - DEWEY DECIMAL CLASSIFICATION NUMBER
Classification number 030
Item number BRA/C
100 ## - MAIN ENTRY--AUTHOR NAME
Personal name BRANDWEIN,PAUL F
245 ## - TITLE STATEMENT
Title CONCEPTS IN SCIENCE
260 ## - PUBLICATION, DISTRIBUTION, ETC. (IMPRINT)
Place of publication CALIFORNIA
Name of publisher CALIFORNIA STATE DEPARTMENT OF EDUCATION
300 ## - PHYSICAL DESCRIPTION
Number of Pages 154
650 ## - SUBJECT ADDED ENTRY--TOPICAL TERM
Topical Term GENERAL KNOWLEDGE
Geographic subdivision US
942 ## - ADDED ENTRY ELEMENTS (KOHA)
Koha item type Books
Holdings
Withdrawn status Lost status Collection code Home library Current library Shelving location Date acquired Source of acquisition Full call number Accession Number Koha item type
    Reference Main Library Main Library SHELF 2-A SCIENCE IN OUR WORLD,FUNK7WAGNALLS ENCYCLO,,FIRST AID ,Y2K,MEDICAL 08/05/2006 PURCHASE 030 BRA/C 01870 Books